000
00317nam a2200121Ia 4500
008
191201s2019 xx 000 0 und d
100
_a
KULKARNI, SK
245
0
_a
Handbook of experimental pharmacology
260
_b
Vallabh Praksahan
_a
New Delhi
_c
2019
300
_a
279
650
_a
Pharmacology
942
_2
ddc
_c
BK
_0
5
999
_c
8215
_d
8215